000 00457nam a2200169 i 4500
001 bg
100 1 _aHAHN, Stefan
245 0 _aTeoria modulacji i detekcji /
_cStefan Hahn.
250 _aWyd.2 popr.
260 _aWarszawa :
_bWydawnictwa Politechniki Warszawskiej,
_c1987.
300 _a462 s. :
_brys., wykr. ;
_c24 cm.
040 _cBPK
041 _apol
080 _a621.39:621.37](075.8)
942 _cKS
008 s pl f |000 0 pol
999 _c3758
_d3758
856 _uhttp://koha.tu.koszalin.pl/cgi-bin/koha/opac-detail.pl?biblionumber=3758
_yKatalog online BPK